The great Gatsby / (Record no. 53756)
[ view plain ]
| 000 -LEADER | |
|---|---|
| fixed length control field | 01001 a2200313 4500 |
| 001 - CONTROL NUMBER | |
| control field | 53756 |
| 003 - CONTROL NUMBER IDENTIFIER | |
| control field | TR-AnTOB |
| 005 - DATE AND TIME OF LATEST TRANSACTION | |
| control field | 20260327133452.0 |
| 008 - FIXED-LENGTH DATA ELEMENTS--GENERAL INFORMATION | |
| fixed length control field | 950327r19951992nyub b 000 1 eng |
| 020 ## - INTERNATIONAL STANDARD BOOK NUMBER | |
| International Standard Book Number | 0684801523 |
| 035 ## - SYSTEM CONTROL NUMBER | |
| System control number | 32311616 |
| 040 ## - CATALOGING SOURCE | |
| Original cataloging agency | DLC |
| Language of cataloging | eng |
| Description conventions | rda |
| Transcribing agency | DLC |
| Modifying agency | CUV |
| -- | TR-AnTOB |
| 041 0# - LANGUAGE CODE | |
| Language code of text/sound track or separate title | İngilizce |
| 043 ## - GEOGRAPHIC AREA CODE | |
| Geographic area code | n-us-ny |
| 050 10 - LIBRARY OF CONGRESS CALL NUMBER | |
| Classification number | PS3511.I9 |
| Item number | G7 1994 |
| 090 ## - LOCALLY ASSIGNED LC-TYPE CALL NUMBER (OCLC); LOCAL CALL NUMBER (RLIN) | |
| Classification number (OCLC) (R) ; Classification number, CALL (RLIN) (NR) | PS3511.I9 |
| Local cutter number (OCLC) ; Book number/undivided call number, CALL (RLIN) | G7 1994 |
| 100 1# - MAIN ENTRY--PERSONAL NAME | |
| Personal name | Fitzgerald, F. Scott, |
| Fuller form of name | (Francis Scott), |
| Dates associated with a name | 1896-1940 |
| 9 (RLIN) | 5058 |
| Relator term | author |
| 245 14 - TITLE STATEMENT | |
| Title | The great Gatsby / |
| Statement of responsibility, etc. | F. Scott Fitzgerald. |
| 264 #1 - PRODUCTION, PUBLICATION, DISTRIBUTION, MANUFACTURE, AND COPYRIGHT NOTICE | |
| Place of production, publication, distribution, manufacture | New York : |
| Name of producer, publisher, distributor, manufacturer | Scribner Paperback Fiction, |
| Date of production, publication, distribution, manufacture, or copyright notice | 1995. |
| 300 ## - PHYSICAL DESCRIPTION | |
| Extent | 187 pages ; |
| Dimensions | 18 cm |
| 490 0# - SERIES STATEMENT | |
| Series statement | Penguin Popular Classics. |
| 650 ## - SUBJECT ADDED ENTRY--TOPICAL TERM | |
| Topical term or geographic name entry element | Man-woman relationships |
| Geographic subdivision | New York (State) |
| -- | Long Island |
| Form subdivision | Fiction |
| 9 (RLIN) | 28053 |
| Topical term or geographic name entry element | Upper class |
| Geographic subdivision | New York (State) |
| -- | Long Island |
| Form subdivision | Fiction |
| 9 (RLIN) | 28052 |
| 651 ## - SUBJECT ADDED ENTRY--GEOGRAPHIC NAME | |
| Geographic name | Long Island (N.Y.) |
| Form subdivision | Fiction |
| 9 (RLIN) | 28054 |
| 901 ## - LOCAL DATA ELEMENT A, LDA (RLIN) | |
| a | 0017175 |
| 942 ## - ADDED ENTRY ELEMENTS (KOHA) | |
| Koha item type | Book |
| Source of classification or shelving scheme | Library of Congress Classification |
| Withdrawn status | Lost status | Source of classification or shelving scheme | Materials specified (bound volume or other part) | Not for loan | Collection code | Home library | Current library | Shelving location | Date acquired | Source of acquisition | Serial Enumeration / chronology | Inventory number | Total Checkouts | Total Renewals | Total Holds | Full call number | Barcode | Date last seen | Date last checked out | Copy number | Date shelved | Koha item type |
|---|---|---|---|---|---|---|---|---|---|---|---|---|---|---|---|---|---|---|---|---|---|---|
| C.1 | Ödünç Verilebilir / Available | Genel Koleksiyon | Merkez Kütüphane | Merkez Kütüphane | Genel Koleksiyon / Main Collection | 16/12/2006 | Satın Alma / Purchase | 1 | İDE | 6 | 5 | PS3511.I9 G7 1994 | 0017175 | 01/12/2022 | 17/11/2022 | 1 | 21/04/2010 | Book |
